000 00981nam a2200277 i 4500
001 5676
003 ES-MaACL
005 20250929063043.0
007 t|
008 890419s1987 sp ||||1| spa d
020 _a84-7075-366-5
080 _a061.43(464.1)"1987/1988":7 Rothko
080 _a75(73)"1903/1970"Rothko
080 _a7 Rothko
100 0 _aRothko, Mark,
_d1903-1970
_999972
245 1 0 _aMark Rothko
_b: [exposición], Fundación Juan March, 23 septiembre 1987 - 3 enero 1988 /
_c[textos, Michael Compton y Mark Rothko].
260 _a[Madrid] :
_bla Fundacion,
_cD.L. 1987.
300 _a[108] p. :
_bprincipalmente il. col. y n. ;
_c29 cm.
600 0 4 _aRothko, Mark,
_d1903-1970-
_vExposiciones
_999973
655 7 _2tgfbne
_9193628
_aCatálogos de exposiciones
700 1 _aCompton, Michael.
_940050
710 2 _aFundación Juan March
_94346
852 _aES-MaACL
_jL-12591
_bR.115945
_z. - rust.
942 _2udc
999 _c5676
_d5676